Asset management in local authorities (Record no. 104503)

MARC details
000 -LEADER
fixed length control field 01254cam a2200169 4500
001 - CONTROL NUMBER
control field L130647
008 - FIXED-LENGTH DATA ELEMENTS--GENERAL INFORMATION
fixed length control field 050822n2005 000 0 eng u
035 ## - SYSTEM CONTROL NUMBER
System control number (Sirsi) u130647
041 ## - LANGUAGE CODE
Language code of text/sound track or separate title eng
110 ## - MAIN ENTRY--CORPORATE NAME
Corporate name or jurisdiction name as entry element Royal Institution of Chartered Surveyors
9 (RLIN) 4900
245 ## - TITLE STATEMENT
Title Asset management in local authorities
260 ## - PUBLICATION, DISTRIBUTION, ETC.
Date of publication, distribution, etc. 2005
520 ## - SUMMARY, ETC.
Summary, etc. Report commissioned by the ODPM to produce guidance on how local authorities can produce asset management plans for their property assets in response to a whole raft of initiatives such as the best value framework, budgetary pressures, the Gershon review, the Prudential code and the comprehensive performance assessment process. These guidelines place a greater emphasis on service delivery and the links between effective property management and improved service delivery. Authorities following the guidance should find that they are obtaining better value from property assets that are making an increased contribution to serving the authorities strategic needs.
690 ## - LOCAL SUBJECT ADDED ENTRY--TOPICAL TERM (OCLC, RLIN)
Topical term or geographic name as entry element PROPERTY-COMMERCIAL PROPERTY-COMMERCIAL PROPERTY MANAGEMENT
856 ## - ELECTRONIC LOCATION AND ACCESS
Uniform Resource Identifier <a href="https://www.rics.org/Property/Propertymanagement/AssetManagementinLocalAuthorities230305.htm">https://www.rics.org/Property/Propertymanagement/AssetManagementinLocalAuthorities230305.htm</a>
Public note View the item free of charge at www.rics.org...
942 ## - ADDED ENTRY ELEMENTS (KOHA)
Suppress in OPAC 0
Holdings
Withdrawn status Lost status Source of classification or shelving scheme Damaged status Not for loan Home library Current library Shelving location Date acquired Total Checkouts Full call number Barcode Date last seen Copy number Price effective from Koha item type
    Dewey Decimal Classification     Virtual Virtual Online 22/08/2005   ONLINE PUBLICATION 130647-2001 06/08/2019 1 06/08/2019 Book